| 000 | 00827cam a22002653a 4500 | ||
|---|---|---|---|
| 001 | 17053 | ||
| 003 | PGUSA | ||
| 005 | 20140828083349.0 | ||
| 008 | 051112s2005||||xxu|||||s|||||000 1 eng d | ||
| 040 |
_aPGUSA _beng |
||
| 042 | _adc | ||
| 050 | 4 | _aPS | |
| 100 | 1 |
_aStockton, Frank Richard, _d1834-1902 |
|
| 245 | 1 | 0 |
_aKate Bonnet : _bThe Romance of a Pirate's Daughter _h[electronic resource] / _cFrank Richard Stockton |
| 260 |
_bProject Gutenberg, _c2005 |
||
| 506 | _aPublic domain in the USA. | ||
| 516 | _aElectronic text | ||
| 653 | _aPirates -- Family relationships -- Fiction | ||
| 653 | _aLove stories | ||
| 700 | 1 |
_aPotter, Harry Spafford, _d1873-1940 |
|
| 700 | 1 |
_aKeller, Arthur Ignatius, _d1866-1924 |
|
| 830 | 0 |
_aProject Gutenberg _v17053 |
|
| 856 | 4 | 0 | _uhttp://www.gutenberg.org/ebooks/17053 |
| 942 | _cEB | ||
| 999 |
_c246308 _d246308 |
||